000 00491nam a2200181 a 4500
001 33908
005 20180714001932.0
008 140415s1977 000 0 spa d
041 _aspa
082 _a160
_bLEF
100 1 _aLEFEBRE, HENRY
245 1 0 _aLOGICA FORMAL, LOGICA DIALECTICA
250 _a6a ed.
260 _a[s.l.] :
_bSIGLO XXI EDITORES,
_c1977
300 _a346
650 1 4 _aLOGICA
_xMATERIALISMO DIALECTICO
700 1 _aBENITEZ EIROA, MA. ESTHER
_etr.
999 _c33908
_d33908